000 00381nam a22001337a 4500
008 230626b xxu||||| |||| 00| 0 eng d
020 _a0195211022
082 _a331
_bLAW
100 _cLawrence Jacob
245 _aWorld Development Report 1995
_bWorkers in an Integrating World
260 _aWashington DC, U.S.A
_bOxford University press
_c1995
300 _a251p
942 _2ddc
_cBK
999 _c2596
_d2596